02493cam a22005414i 4500003000900000005001700009008004100026020001500067020001500082020001800097035002700115035007600142040011300218049000900331050000900340082002000349100004300369245009200412264004800504300006000552336002100612337002500633338002300658504003200681505050300713526000901216526000901225526000901234526000901243526000901252526000901261526000801270526000801278526000801286526000801294526000801302526000801310650002401318650002601342910002801368942001401396949013601410994001401546596000601560999016101566980005501727952016901782PE-LiUPU20250731184536.0160324t20142014inuab rb 001 0 eng d a1575068966 z1575061813 z9781575061818 a(Sirsi) i9781575068961 a(OCoLC)961572028z(OCoLC)904276219z(OCoLC)962606452z(OCoLC)1003207367 aAZKbengerdaepncAZKdOCLCOdYDXCPdCCOdEBLCPdCOOdOCLCFdOCLCQdMORdPIFAGdMERUCdOCLCQdZCUdPE-LiUPU aPRUA 4aDS8104a939.44bP352231 aPeckham, Brian J.,d1934-2008,eautor.10aPhoenicia :bepisodes and anecdotes from the ancient Mediterranean /cJ. Brian Peckham. 1aWinona Lake, Indiana :bEisenbrauns,c2014. axxi, 586 páginas :bilustraciones ;c24 centímetros atext2rdacontent aunmediated2rdamedia avolume2rdacarrier aIndice : páginas 575-586.0 aCanaan in the eleventh and tenth centuries B.C.E.: the origin of the phoenicians -- The phoenician city-states receive and transmit knowledge: the ninth century -- The phoenician exploration of the mediterranean world: a result of the assyriaca in the eighth century -- The world of tyre in the seventh century -- The sixth-century phoenician world becomes a differentiated semitic and European world -- The carthaginian world of the fifth and fourth centuries: between the persians and the greeks. aP136 aP135 aP134 aP133 aP144 aP143 aP87 aP35 aP20 aP14 aP10 aP06 0aFeniciosxhistoria. 0aPhoeniciansxHistory. adbmbncfcncfd20171220 2ddccBOOK a939.44 P35wDEWEYc1i77664lCATALOGINGmBULp48.65r0sYtBOOKu2017-12-20xPOSGRADOPP850COMPRAo.STAFF. Colección Teología. aC0bPEPRU a1 a939.44 P35wDEWEYc26305i77664f2021-11-11g4lCCODEBUL1mBULp48.65r0sYtBOOKu2017-12-20xTEOLOGIAPP850COMPRAo.STAFF. Colección Teología.d26305 81gALBERTO SANCHEZ Responsable de Automatización r2025-12-03 00:00:00i5l0o939.44 P35p77664te1v53.65w2017-12-20xPGyBKzinventario-2023-12-13102ddc50708GENfP85aBULbBULcGENd2017-12-20eCOMPRAg48.65